000 00635nam a2200169Ia 4500
008 100122s9999 xx 000 0 und d
082 _b47505
_a808.6
100 _aमाळवदे रमण
245 _aमुलांवरचे संस्कार - क.क्र.11/1
260 _bमेहता पब्लिकेशन हाऊस
_c1992
300 _a140
520 _aक.क्र.11/1
620 _aक.क्र.11/1
630 _aमुलांवरचे संस्कार - क.क्र.11/1
730 _aमुलांवरचे संस्कार - क.क्र.11/1
942 _cBOOK
999 _c426322
_d426319